00332 a2200121 45000010005000001000018000052450037000232600009000600900015000699420023000849990019001079520084001269656 aHarrington, C aOrdinary Level Practical Physics abc c7691d7691 aNUST-CAEcMc34368 c244729d244729 001040708NFICaCAEbCAEd2017-04-03l0pCAE50243r2017-04-05w2017-04-05yBK